[Event "23rd EUR-ch"]
[Site "Vrnjacka Banja SRB"]
[Date "2023.03.06"]
[Round "4.191"]
[White "Parligras, Cosmin"]
[Black "Sekelja, Marko"]
[Result "1-0"]
[WhiteElo "2260"]
[BlackElo "2089"]
[EventDate "2023.03.03"]
[PlyCount "65"]

1.e4 c6 2.d4 d5 3.e5 Bf5 4.Nf3 e6 5.Be2 Ne7 6.O-O h6 7.Nbd2 Nd7 8.Nb3 g5 
9.Bd2 f6 10.exf6 Ng6 11.Ne5 Ndxe5 12.dxe5 Nxe5 13.Bc3 Bd6 14.Bh5+ Kd7 15.
Re1 Qc7 16.Qe2 Nc4 17.g4 Bxh2+ 18.Kh1 Bd6 19.gxf5 e5 20.Rad1 Raf8 21.f7 
Kc8 22.Nc1 Rxf7 23.b3 Nb6 24.Bxe5 Bxe5 25.Qxe5 Rff8 26.Nd3 Nd7 27.Qxc7+ 
Kxc7 28.Re7 Kd8 29.Rde1 Nf6 30.Bg6 Kc8 31.Nc5 Ng4 32.f3 Nf6 33.Rxb7 1-0

[Event "23rd EUR-ch"]
[Site "Vrnjacka Banja SRB"]
[Date "2023.03.06"]
[Round "4.192"]
[White "Biyiksiz, Ali Batuhan"]
[Black "Bouska, Jiri"]
[Result "1-0"]
[WhiteElo "1994"]
[BlackElo "2257"]
[EventDate "2023.03.03"]
[PlyCount "91"]

1.d4 Nf6 2.c4 c5 3.d5 e6 4.Nc3 exd5 5.cxd5 d6 6.e4 g6 7.f4 Bg7 8.Bb5+ Nfd7
9.a4 O-O 10.Nf3 Na6 11.O-O Nb4 12.Re1 a6 13.Bf1 Re8 14.h3 f5 15.exf5 Rxe1 
16.Nxe1 gxf5 17.Be3 Nf6 18.Nc2 Qe7 19.Bf2 Bd7 20.Qd2 Ne4 21.Re1 Nxd2 22.
Rxe7 Rd8 23.Bh4 Bd4+ 24.Nxd4 cxd4 25.Re2 dxc3 26.bxc3 Rc8 27.Rxd2 Rxc3 28.
Be7 Nc2 29.a5 Ne3 30.Rd3 Rxd3 31.Bxd3 Bb5 32.Bb1 Nxd5 33.Bxd6 Bd7 34.Kf2 
Kf7 35.Kf3 Ke6 36.Be5 Bc6 37.Ba2 Ke7 38.Kf2 Nb4 39.Bb1 Ke6 40.g4 Be4 41.
Bxe4 fxe4 42.Ke3 Kd5 43.Bc3 Nc6 44.f5 Ne7 45.h4 Ng8 46.Bg7 1-0

[Event "23rd EUR-ch"]
[Site "Vrnjacka Banja SRB"]
[Date "2023.03.06"]
[Round "4.193"]
[White "Djuric, Stefan"]
[Black "Kienboeck, Benjamin"]
[Result "1-0"]
[WhiteElo "2256"]
[BlackElo "2066"]
[EventDate "2023.03.03"]
[PlyCount "32"]

1.e4 c6 2.Nc3 d5 3.Nf3 Bg4 4.h3 Bxf3 5.Qxf3 e6 6.d4 Nf6 7.exd5 cxd5 8.Qg3 
Nc6 9.Be3 Bd6 10.Qxg7 Rg8 11.Qh6 Rg6 12.Qh4 Nb4 13.Bb5+ Kf8 14.Rc1 Rc8 15.
O-O Qb6 16.Be2 Bb8 1-0

[Event "23rd EUR-ch"]
[Site "Vrnjacka Banja SRB"]
[Date "2023.03.06"]
[Round "4.194"]
[White "Selbes, Tarik"]
[Black "Lazic, Emanuel"]
[Result "1-0"]
[WhiteElo "2255"]
[BlackElo "2041"]
[EventDate "2023.03.03"]
[PlyCount "46"]

1.e4 c5 2.Nf3 d6 3.d4 cxd4 4.Nxd4 Nf6 5.Nc3 Nc6 6.Bg5 e6 7.Qd3 a6 8.Nxc6 
bxc6 9.O-O-O Be7 10.Qg3 Qa5 11.f4 Qb4 12.e5 dxe5 13.fxe5 Ng8 14.a3 Qa5 15.
Ne4 f6 16.Bd2 Qxe5 17.Qxg7 Rb8 18.Bc3 Qxe4 19.Bd3 Qe3+ 20.Rd2 e5 21.Bc4 
Bd7 22.Qxh8 Kd8 23.Qxg8+ Kc7 1-0

[Event "23rd EUR-ch"]
[Site "Vrnjacka Banja SRB"]
[Date "2023.03.06"]
[Round "4.195"]
[White "Peric, Slavisa"]
[Black "Zadravec, Matija"]
[Result "1/2-1/2"]
[WhiteElo "1980"]
[BlackElo "2248"]
[EventDate "2023.03.03"]
[PlyCount "44"]

1.d4 Nf6 2.Nf3 e6 3.c4 Bb4+ 4.Nbd2 b6 5.g3 Bb7 6.Bg2 O-O 7.O-O d5 8.Ne5 a5
9.Qc2 Nbd7 10.Ndf3 dxc4 11.Nxd7 Qxd7 12.Ne5 Qc8 13.Bxb7 Qxb7 14.Qxc4 Bd6 
15.Qc6 Qa6 16.Nd3 Nd5 17.a3 Rac8 18.Bf4 Bxf4 19.gxf4 Ne7 20.Qe4 Rfd8 21.
Rfd1 Rd5 22.Rac1 c6 1/2-1/2

[Event "23rd EUR-ch"]
[Site "Vrnjacka Banja SRB"]
[Date "2023.03.06"]
[Round "4.196"]
[White "Bozanic, Jovan"]
[Black "Ravic, Nenad"]
[Result "0-1"]
[WhiteElo "1934"]
[BlackElo "2238"]
[EventDate "2023.03.03"]
[PlyCount "76"]

1.d4 Nf6 2.c4 g6 3.Nc3 Bg7 4.e4 d6 5.Nf3 O-O 6.Be2 Nbd7 7.Be3 e5 8.d5 Nc5 
9.Nd2 a5 10.g4 c6 11.h4 Bd7 12.h5 a4 13.f3 Qa5 14.Ndb1 cxd5 15.exd5 e4 16.
h6 Bh8 17.O-O exf3 18.Bxf3 Rae8 19.Bd4 Qd8 20.Na3 Nxg4 21.Bxg4 Qg5 22.Bxh8
Bxg4 23.Qc1 Re3 24.Bf6 Rg3+ 25.Kf2 Rf3+ 26.Kg1 Qxf6 27.Rxf3 Qxf3 28.Qf1 
Qe3+ 29.Qf2 Qxh6 30.Qg3 Bf5 31.Re1 Nd3 32.Rf1 Qh3 33.Qxh3 Bxh3 34.Rf3 Bf5 
35.Nxa4 Re8 36.Nb5 Re1+ 37.Rf1 Re2 38.Nxd6 Bh3 0-1

[Event "23rd EUR-ch"]
[Site "Vrnjacka Banja SRB"]
[Date "2023.03.06"]
[Round "4.197"]
[White "Vasilkov, Nikolai"]
[Black "Eric, Jovana"]
[Result "1-0"]
[WhiteElo "1931"]
[BlackElo "2230"]
[EventDate "2023.03.03"]
[PlyCount "91"]

1.e4 d5 2.exd5 Qxd5 3.Nc3 Qd8 4.d4 Nf6 5.Nf3 a6 6.h3 e6 7.Bd3 b5 8.O-O Bb7
9.Qe2 Be7 10.a4 b4 11.Ne4 Nbd7 12.c3 O-O 13.Bf4 Nd5 14.Bh2 h6 15.c4 N5f6 
16.Rad1 Qc8 17.Rfe1 Re8 18.Ne5 Bf8 19.b3 Nxe5 20.Nxf6+ gxf6 21.dxe5 f5 22.
Bf4 Rd8 23.Qh5 Rd4 24.Be3 Rd7 25.Bxh6 Bxh6 26.Qxh6 Qf8 27.Qg5+ Qg7 28.
Qxg7+ Kxg7 29.Be2 Re7 30.Rd4 f6 31.f4 fxe5 32.fxe5 Be4 33.Bf3 Bxf3 34.gxf3
Kf7 35.Re2 a5 36.Rg2 Rh8 37.h4 Ke8 38.Rgd2 Kf7 39.c5 Rh5 40.c6 Ke8 41.Rd8+
Kf7 42.R2d4 Rh7 43.Kf2 Rh5 44.Kg3 Kg6 45.Rg8+ Kf7 46.Rdd8 1-0

[Event "23rd EUR-ch"]
[Site "Vrnjacka Banja SRB"]
[Date "2023.03.06"]
[Round "4.198"]
[White "Djokic, Mihailo"]
[Black "Sertbay, Huseyin"]
[Result "1-0"]
[WhiteElo "2227"]
[BlackElo "2016"]
[EventDate "2023.03.03"]
[PlyCount "69"]

1.e4 e5 2.Nf3 Nc6 3.Nc3 Nf6 4.Bb5 Bd6 5.Bxc6 dxc6 6.d4 Bb4 7.Qd3 exd4 8.
Nxd4 Bxc3+ 9.bxc3 c5 10.Nb5 a6 11.Na3 Be6 12.Bg5 h6 13.Be3 Qxd3 14.cxd3 c4
15.e5 Nd7 16.d4 b5 17.Nc2 Nb6 18.Bd2 Nd5 19.O-O c6 20.h3 h5 21.f4 g6 22.
Ne1 Kd7 23.Nf3 a5 24.Ng5 b4 25.Ne4 Bf5 26.Nc5+ Kc7 27.Rac1 Rhb8 28.Na4 b3 
29.axb3 cxb3 30.c4 b2 31.cxd5 bxc1=Q 32.d6+ Kd8 33.Rxc1 Rb1 34.Rxb1 Bxb1 
35.d7 1-0

[Event "23rd EUR-ch"]
[Site "Vrnjacka Banja SRB"]
[Date "2023.03.06"]
[Round "4.199"]
[White "Rabrenovic, Vladan"]
[Black "Cox, Tristan"]
[Result "0-1"]
[WhiteElo "2223"]
[BlackElo "1975"]
[EventDate "2023.03.03"]
[PlyCount "70"]

1.d4 Nf6 2.Bf4 g6 3.Nf3 Bg7 4.e3 O-O 5.h3 d6 6.Bh2 Nc6 7.Be2 e5 8.c3 exd4 
9.cxd4 b6 10.O-O Bb7 11.Nc3 Ne7 12.Qb3 Ned5 13.Rfd1 Qe7 14.Rac1 Rfe8 15.
Bb5 Red8 16.Bc4 Nxc3 17.Rxc3 a6 18.a4 Re8 19.Ng5 Rf8 20.Bxf7+ Kh8 21.Bc4 
h6 22.Ne6 Ne4 23.Nxf8 Rxf8 24.Rc2 Qg5 25.Bf4 Qh4 26.Bd5 Qh5 27.Bxb7 Qxd1+ 
28.Kh2 Nxf2 29.Bf3 Qh1+ 30.Kg3 g5 31.Kxf2 gxf4 32.Rxc7 fxe3+ 33.Qxe3 Qb1 
34.Qd2 Qe4 35.Rc4 d5 0-1

[Event "23rd EUR-ch"]
[Site "Vrnjacka Banja SRB"]
[Date "2023.03.06"]
[Round "4.200"]
[White "Sgircea, Silvia-Raluca"]
[Black "Arsenie, Cristian Marc"]
[Result "1/2-1/2"]
[WhiteElo "2214"]
[BlackElo "1971"]
[EventDate "2023.03.03"]
[PlyCount "84"]

1.Nf3 d5 2.d4 Nf6 3.c4 e6 4.g3 Bb4+ 5.Bd2 Be7 6.Bg2 O-O 7.O-O c6 8.Bc3 b6 
9.Nbd2 Ba6 10.Ne5 Nfd7 11.cxd5 cxd5 12.Ndf3 f6 13.Nd3 Bd6 14.Re1 f5 15.Nf4
Bxf4 16.gxf4 Nf6 17.Bb4 Re8 18.Ne5 Nbd7 19.Rc1 Nxe5 20.fxe5 Nd7 21.Qa4 Bb7
22.Bd6 Rc8 23.Qxa7 Bc6 24.Qa3 Bb5 25.Qe3 Nf8 26.b3 Ng6 27.Rxc8 Qxc8 28.a4 
f4 29.Qh3 Ba6 30.Bb4 Qc2 31.e4 Qb2 32.Qc3 Qxc3 33.Bxc3 Nh4 34.exd5 Nxg2 
35.Kxg2 Bb7 36.b4 Bxd5+ 37.f3 Rc8 38.Rc1 Rc4 39.Kf2 Bc6 40.a5 bxa5 41.bxa5
g5 42.Rc2 Ra4 1/2-1/2

[Event "23rd EUR-ch"]
[Site "Vrnjacka Banja SRB"]
[Date "2023.03.06"]
[Round "4.201"]
[White "Mitrovic, Marjan"]
[Black "Orian, Noga"]
[Result "0-1"]
[WhiteElo "2208"]
[BlackElo "1957"]
[EventDate "2023.03.03"]
[PlyCount "72"]

1.d4 Nf6 2.Nf3 d5 3.g3 e6 4.Bg2 Be7 5.c4 O-O 6.Qc2 c5 7.cxd5 exd5 8.O-O 
Be6 9.Be3 Na6 10.Nc3 Rc8 11.Rac1 Qa5 12.Qd2 c4 13.Ng5 Qb6 14.Bf4 Bb4 15.
Be5 Be7 16.Qc2 Nb4 17.Qb1 g6 18.Nxe6 fxe6 19.Bh3 Kf7 20.Rcd1 Rcd8 21.Bf4 
Nc6 22.e3 Nb4 23.b3 Rc8 24.bxc4 Rxc4 25.Ne2 Rc2 26.Rfe1 Qa6 27.a3 Qxa3 28.
Bh6 Rfc8 29.Nf4 R8c6 30.Nxe6 Rxe6 31.Bxe6+ Kxe6 32.Rc1 Rb2 33.Qa1 Nd3 34.
Qxa3 Bxa3 35.Rc3 Nxe1 36.Rxa3 Ng4 0-1

[Event "23rd EUR-ch"]
[Site "Vrnjacka Banja SRB"]
[Date "2023.03.06"]
[Round "4.202"]
[White "Senel, Hayri Beyhun"]
[Black "Angun, Batu"]
[Result "0-1"]
[WhiteElo "1904"]
[BlackElo "2206"]
[EventDate "2023.03.03"]
[PlyCount "74"]

1.d4 d5 2.Bf4 c5 3.e3 Nc6 4.Nf3 cxd4 5.exd4 Bf5 6.c3 Qd7 7.Nbd2 f6 8.Nb3 
g5 9.Nc5 Qc8 10.Bg3 h5 11.h4 g4 12.Nh2 e5 13.Bd3 Bxc5 14.Bxf5 Qxf5 15.dxc5
Nge7 16.O-O Qe6 17.Re1 Nf5 18.Nf1 Nce7 19.Qd3 Rd8 20.Re2 Ng6 21.Ne3 Ngxh4 
22.Rae1 O-O 23.Bxh4 Nxh4 24.c4 dxc4 25.Qxc4 Qxc4 26.Nxc4 Nf5 27.Rd2 Rxd2 
28.Nxd2 Rd8 29.Ne4 Kf7 30.Rc1 Ke6 31.f3 Nd4 32.Kf2 f5 33.Nc3 f4 34.Rh1 g3+
35.Ke1 Rh8 36.Ne4 h4 37.Kd2 Kd5 0-1

[Event "23rd EUR-ch"]
[Site "Vrnjacka Banja SRB"]
[Date "2023.03.06"]
[Round "4.203"]
[White "Pogorelsky, Sergei"]
[Black "Bozinovic, Boban"]
[Result "1-0"]
[WhiteElo "2203"]
[BlackElo "1931"]
[EventDate "2023.03.03"]
[PlyCount "35"]

1.e4 c5 2.Nf3 Nc6 3.Bb5 g6 4.O-O Bg7 5.c3 e5 6.d4 cxd4 7.cxd4 Nxd4 8.Nxd4 
exd4 9.f4 Qb6 10.Na3 Ne7 11.Nc4 Qc7 12.f5 Be5 13.Nxe5 Qxe5 14.Bd3 f6 15.
Bf4 Qa5 16.Bd6 g5 17.Qh5+ Kd8 18.Qf7 1-0

[Event "23rd EUR-ch"]
[Site "Vrnjacka Banja SRB"]
[Date "2023.03.06"]
[Round "4.204"]
[White "Alfirevic, Duje"]
[Black "Aleksic, Milan"]
[Result "1/2-1/2"]
[WhiteElo "1924"]
[BlackElo "2202"]
[EventDate "2023.03.03"]
[PlyCount "83"]

1.e4 c5 2.Nf3 Nc6 3.Bb5 g6 4.O-O Bg7 5.c3 Nf6 6.Re1 O-O 7.d4 d5 8.e5 Ne4 
9.Bxc6 bxc6 10.Be3 cxd4 11.cxd4 f6 12.exf6 exf6 13.Nbd2 Re8 14.Rc1 Bd7 15.
Qc2 Rc8 16.Nxe4 dxe4 17.Nd2 f5 18.Nb3 Be6 19.Nc5 Bd5 20.Qd2 Bf6 21.Bf4 g5 
22.Be5 Rxe5 23.dxe5 Bxe5 24.Rcd1 Qe7 25.b4 Kh8 26.f3 exf3 27.Qe3 Re8 28.
Qf2 fxg2 29.Nd3 Be4 30.Nxe5 Qxe5 31.Qxa7 Re7 32.Qd4 Qxd4+ 33.Rxd4 Ra7 34.
Rdxe4 fxe4 35.Re2 Kg7 36.Kxg2 Kf6 37.Rxe4 Rxa2+ 38.Kg3 Ra3+ 39.Kg2 Rc3 40.
Re8 h5 41.Rc8 Rc4 42.Rb8 1/2-1/2

[Event "23rd EUR-ch"]
[Site "Vrnjacka Banja SRB"]
[Date "2023.03.06"]
[Round "4.205"]
[White "Starcevic, Ante Leon"]
[Black "Kochavi, Dana"]
[Result "0-1"]
[WhiteElo "2202"]
[BlackElo "1929"]
[EventDate "2023.03.03"]
[PlyCount "95"]

1.Nf3 Nf6 2.d4 e6 3.c4 b6 4.g3 Bb7 5.Bg2 Be7 6.O-O O-O 7.Nc3 Ne4 8.Qd3 
Nxc3 9.Qxc3 d6 10.Qd3 f5 11.d5 e5 12.e4 fxe4 13.Qxe4 Na6 14.Qe2 Bc8 15.
Nxe5 dxe5 16.d6 Qxd6 17.Bxa8 c6 18.Rd1 Qf6 19.b4 Nc7 20.Bb2 Nxa8 21.Bxe5 
Qf7 22.a3 c5 23.b5 Bb7 24.Rd7 Bf3 25.Qe3 Qe6 26.Rxa7 Qh3 27.Qxf3 Rxf3 28.
Rxe7 Kf8 29.Ra7 Qc8 30.Re1 Rf7 31.Bd6+ Kg8 32.Rxf7 Kxf7 33.Re7+ Kf6 34.Ra7
Qd8 35.Be7+ Qxe7 36.Rxe7 Kxe7 37.Kg2 Nc7 38.Kf3 Kd6 39.Ke4 Ne6 40.f4 Nd4 
41.g4 Nc2 42.a4 Nd4 43.Ke3 Ke6 44.h4 Kd6 45.Kd3 g5 46.f5 Ke5 47.Ke3 h5 48.
Kd3 0-1

[Event "23rd EUR-ch"]
[Site "Vrnjacka Banja SRB"]
[Date "2023.03.06"]
[Round "4.206"]
[White "Tudor, Henry Edward"]
[Black "Orlovic, Lucie"]
[Result "1-0"]
[WhiteElo "2201"]
[BlackElo "1004"]
[EventDate "2023.03.03"]
[PlyCount "41"]

1.d4 d5 2.c4 Nf6 3.cxd5 Nxd5 4.Nf3 Bf5 5.Nbd2 h6 6.e4 Qd7 7.Ne5 Qe6 8.exd5
Qxd5 9.Bc4 Qd6 10.Nxf7 Qf6 11.Nxh8 e6 12.O-O Be7 13.Re1 a6 14.Qb3 b5 15.
Bxe6 Bxe6 16.Rxe6 Qf5 17.Re5 Qf6 18.Qg8+ Kd7 19.Ne4 Qb6 20.Nc5+ Kd6 21.
Qd5# 1-0

[Event "23rd EUR-ch"]
[Site "Vrnjacka Banja SRB"]
[Date "2023.03.06"]
[Round "4.208"]
[White "Janjic, Stefan"]
[Black "Krasteva, Beloslava"]
[Result "0-1"]
[WhiteElo "2115"]
[BlackElo "2292"]
[EventDate "2023.03.03"]
[PlyCount "81"]

1.d4 Nf6 2.Nf3 e6 3.c4 h6 4.g3 d5 5.Bg2 Bd6 6.O-O O-O 7.Nc3 Nc6 8.b3 Re8 
9.Nb5 Bf8 10.cxd5 exd5 11.Bf4 Re7 12.Rc1 a6 13.Nc3 Re8 14.Nb1 g5 15.Be3 
Bf5 16.Ne5 Nxe5 17.dxe5 Rxe5 18.Bd4 Re6 19.Bxf6 Rxf6 20.Qxd5 Qxd5 21.Bxd5 
c6 22.Bg2 Re6 23.e3 Rd8 24.Rfd1 Red6 25.Rxd6 Rxd6 26.e4 Be6 27.Kf1 a5 28.
Ke2 a4 29.bxa4 Bxa2 30.Nc3 Bc4+ 31.Ke1 Rd4 32.Bf1 Bb4 33.Bxc4 Rxc4 34.Kd2 
Bxc3+ 35.Rxc3 Rxa4 36.Rb3 Rd4+ 37.Kc3 Rxe4 38.Rxb7 Re2 39.Rb6 Rxf2 40.Rxc6
Rxh2 41.Kd4 0-1

[Event "23rd EUR-ch"]
[Site "Vrnjacka Banja SRB"]
[Date "2023.03.06"]
[Round "4.209"]
[White "Kisic, Bozidar"]
[Black "Hamiti, Gani"]
[Result "1-0"]
[WhiteElo "2283"]
[BlackElo "2112"]
[EventDate "2023.03.03"]
[PlyCount "122"]

1.d4 d5 2.Nf3 Nf6 3.c4 c6 4.Qb3 e6 5.g3 Be7 6.Bg2 Nbd7 7.O-O O-O 8.Bf4 a6 
9.Rc1 Nh5 10.Bd2 Re8 11.Qd1 Nhf6 12.Qe1 Bd6 13.Na3 Qe7 14.Nh4 h6 15.cxd5 
cxd5 16.Nc2 Nb6 17.Ne3 Nbd7 18.a4 b6 19.Nc4 Ne4 20.Nxd6 Qxd6 21.Bb4 Qb8 
22.Rc2 a5 23.Ba3 Ndf6 24.f3 Nd6 25.e4 Nc4 26.e5 Nh7 27.f4 Bd7 28.f5 b5 29.
axb5 Qxb5 30.f6 gxf6 31.exf6 Nxf6 32.Bc5 Rac8 33.Qf1 Nh7 34.Qf4 Qb3 35.Rf2
Ng5 36.Nf3 Qe3 37.Nxg5 Qxf4 38.gxf4 hxg5 39.fxg5 a4 40.h4 Rb8 41.Ba3 Rb3 
42.Raf1 Ne3 43.Rxf7 Nxf1 44.Rxf1 Rc8 45.Kh2 Rd3 46.Bc5 Rd2 47.h5 Rb8 48.
Rf6 Be8 49.Rf8+ Kg7 50.Ba3 Rc8 51.h6+ Kh7 52.Kg3 Rcc2 53.Bf3 Bg6 54.Bd6 
Bf5 55.Rf7+ Kg8 56.Rg7+ Kh8 57.Be5 Rh2 58.h7 Rce2 59.Rg8+ Kxh7 60.Rh8+ Kg6
61.Rxh2 Re3 1-0

[Event "23rd EUR-ch"]
[Site "Vrnjacka Banja SRB"]
[Date "2023.03.06"]
[Round "4.210"]
[White "Lauda, Alexandr"]
[Black "Sredojevic, Ivan"]
[Result "0-1"]
[WhiteElo "2084"]
[BlackElo "2255"]
[EventDate "2023.03.03"]
[PlyCount "80"]

1.d4 Nf6 2.c4 g6 3.Nc3 c5 4.Nf3 cxd4 5.Nxd4 Nc6 6.g3 Bg7 7.Bg2 O-O 8.O-O 
Ng4 9.e3 d6 10.Rb1 Nge5 11.b3 Bg4 12.f3 Bd7 13.h3 Nxd4 14.exd4 Nc6 15.Be3 
e5 16.d5 Nd4 17.Kh2 b5 18.Bxd4 exd4 19.Nxb5 Qb6 20.a4 Bf5 21.Rc1 a6 22.a5 
Qc5 23.b4 Qxb4 24.Nxd4 Bd7 25.Nc6 Qc5 26.f4 Rfe8 27.Re1 h5 28.Rxe8+ Rxe8 
29.Qd2 h4 30.g4 Qa3 31.Rf1 Qb3 32.Qf2 Bf6 33.g5 Bg7 34.Qxh4 Qxc4 35.Qf2 
Bf5 36.Qd2 Re2 37.Qc1 Qa2 38.Rg1 Be4 39.Qf1 Rf2 40.Nb4 Qd2 0-1

[Event "23rd EUR-ch"]
[Site "Vrnjacka Banja SRB"]
[Date "2023.03.06"]
[Round "4.211"]
[White "Khandelwal, Ankush"]
[Black "Jeremic, Milan"]
[Result "1-0"]
[WhiteElo "2255"]
[BlackElo "2052"]
[EventDate "2023.03.03"]
[PlyCount "32"]

1.e4 c6 2.d4 d5 3.e5 a6 4.Bd3 g6 5.Nc3 Bg7 6.h3 e6 7.Nf3 Ne7 8.Bf4 O-O 9.
h4 Nd7 10.h5 c5 11.Ng5 cxd4 12.hxg6 fxg6 13.Rxh7 dxc3 14.Rxg7+ Kxg7 15.
Nxe6+ Kg8 16.Nxd8 Rxd8 1-0

[Event "23rd EUR-ch"]
[Site "Vrnjacka Banja SRB"]
[Date "2023.03.06"]
[Round "4.212"]
[White "Farkas, Tibor"]
[Black "Pousada Garcia, Daniel"]
[Result "1-0"]
[WhiteElo "2247"]
[BlackElo "2050"]
[EventDate "2023.03.03"]
[PlyCount "89"]

1.e4 e5 2.Nf3 Nf6 3.Nxe5 d6 4.Nf3 Nxe4 5.d4 d5 6.Bd3 Bd6 7.O-O O-O 8.c4 c6
9.Qc2 Nf6 10.Bg5 h6 11.Bh4 dxc4 12.Bxc4 Nbd7 13.Nc3 Nb6 14.Bb3 Be7 15.Rfe1
Nbd5 16.a3 Be6 17.Ne5 Nf4 18.Rad1 Bd5 19.Bxd5 N6xd5 20.Bxe7 Nxe7 21.Qb3 
Rb8 22.Ne4 b6 23.Qg3 Nfg6 24.Qh3 Rb7 25.Qb3 Rc7 26.Qa4 Qd5 27.Nc3 Qe6 28.
Qb4 c5 29.Qa4 cxd4 30.Nxg6 Qxg6 31.Qxd4 Nf5 32.Qf4 Rc5 33.Rd7 a5 34.g3 
Rfc8 35.Nd5 Kh7 36.Re5 Nd6 37.Ne7 Qb1+ 38.Kg2 Nc4 39.Rxc5 Rxc5 40.b4 axb4 
41.axb4 Qxb4 42.Qxf7 Ne3+ 43.fxe3 Qe4+ 44.Kh3 h5 45.Qg8+ 1-0

[Event "23rd EUR-ch"]
[Site "Vrnjacka Banja SRB"]
[Date "2023.03.06"]
[Round "4.213"]
[White "Blagojevic, Tijana"]
[Black "Kostic, Milutin B."]
[Result "1/2-1/2"]
[WhiteElo "2238"]
[BlackElo "2049"]
[EventDate "2023.03.03"]
[PlyCount "77"]

1.e4 c6 2.Nf3 d5 3.d3 Bg4 4.h3 Bxf3 5.Qxf3 e6 6.Nc3 Nf6 7.g4 Bb4 8.Bd2 d4 
9.Nb1 Bxd2+ 10.Nxd2 e5 11.h4 Qe7 12.Bh3 Nfd7 13.g5 Nf8 14.Qf5 Nbd7 15.f4 
Ng6 16.fxe5 Ngxe5 17.O-O-O O-O-O 18.Qf2 c5 19.Nf3 Kc7 20.Bxd7 Nxf3 21.Qxf3
Rxd7 22.Rdf1 h6 23.gxh6 Rxh6 24.Qg3+ Qd6 25.Qxd6+ Kxd6 26.Rf5 b6 27.a3 Ke6
28.b4 g6 29.Rg5 f6 30.Rg2 g5 31.Rgh2 Rdh7 32.h5 f5 33.exf5+ Kxf5 34.Rf1+ 
Ke5 35.Rg1 Rg7 36.Re2+ Kd6 37.Rh2 Ke5 38.Re2+ Kd6 39.Rh2 1/2-1/2

[Event "23rd EUR-ch"]
[Site "Vrnjacka Banja SRB"]
[Date "2023.03.06"]
[Round "4.214"]
[White "Pajcin, Lav"]
[Black "Alexakis, Dimitrios"]
[Result "1-0"]
[WhiteElo "2221"]
[BlackElo "2024"]
[EventDate "2023.03.03"]
[PlyCount "117"]

1.e4 c5 2.Nf3 d6 3.d4 cxd4 4.Nxd4 Nf6 5.Nc3 a6 6.f3 e5 7.Nb3 Be6 8.Be3 Be7
9.Qd2 h5 10.Nd5 Bxd5 11.exd5 Nbd7 12.Be2 Rc8 13.c4 O-O 14.O-O b6 15.Rac1 
Nc5 16.Na1 a5 17.Nc2 Nfd7 18.Na3 f5 19.Nb5 f4 20.Bf2 e4 21.Qd1 e3 22.Be1 
Ne5 23.b3 Qd7 24.a3 Qf5 25.Rc3 g5 26.b4 Nb7 27.Nd4 Qg6 28.Ne6 Rf7 29.Qa4 
Bf6 30.Qb5 axb4 31.axb4 Ra8 32.c5 bxc5 33.Rc1 Re7 34.Bc3 c4 35.Bxe5 Bxe5 
36.Rxc4 Nd8 37.Nc7 Rc8 38.Rfc1 g4 39.Kh1 gxf3 40.gxf3 Rg7 41.Qe8+ Qxe8 42.
Nxe8 Rxc4 43.Rxc4 Ra7 44.Rc2 Nf7 45.b5 Bd4 46.Nc7 Ne5 47.Ne6 Bb6 48.Nxf4 
h4 49.Kg2 Kf7 50.Ne6 Kf6 51.f4 Nd7 52.Rc6 Ke7 53.Ng7 Ra2 54.Kf3 Rd2 55.
Nf5+ Kd8 56.Rxd6 Bc5 57.Re6 Rxd5 58.Nxe3 Bxe3 59.Rxe3 1-0

[Event "23rd EUR-ch"]
[Site "Vrnjacka Banja SRB"]
[Date "2023.03.06"]
[Round "4.215"]
[White "Banov, Boil"]
[Black "Krstic, Milos"]
[Result "1/2-1/2"]
[WhiteElo "2016"]
[BlackElo "2198"]
[EventDate "2023.03.03"]
[PlyCount "80"]

1.Nf3 Nf6 2.d4 e6 3.Bf4 d5 4.e3 c5 5.c3 Bd6 6.Bg3 Nc6 7.Nbd2 O-O 8.Bd3 b6 
9.O-O Bb7 10.Ne5 Qc7 11.f4 Ne7 12.Bh4 Ne4 13.Bxe7 Bxe7 14.Nxe4 dxe4 15.Be2
Rac8 16.Rc1 f6 17.Ng4 Bd5 18.a3 Rfd8 19.Ba6 Rb8 20.Qe2 h5 21.Nf2 g6 22.Bc4
Qc6 23.Rfd1 Bxc4 24.Qxc4 b5 25.Qe2 c4 26.g4 hxg4 27.Nxg4 Qd5 28.Kh1 Kf7 
29.Rg1 Rh8 30.Qg2 Rbg8 31.Rc2 Rh4 32.Qg3 Qh5 33.Qg2 Rh8 34.Rf2 Bd6 35.Ne5+
fxe5 36.fxe5+ Ke7 37.exd6+ Kxd6 38.Qg3+ Kc6 39.Rgg2 Qd1+ 40.Rg1 Qh5 
1/2-1/2

[Event "23rd EUR-ch"]
[Site "Vrnjacka Banja SRB"]
[Date "2023.03.06"]
[Round "4.216"]
[White "Martinkus, Rolandas"]
[Black "Bashirov, Kemal"]
[Result "1/2-1/2"]
[WhiteElo "1985"]
[BlackElo "2188"]
[EventDate "2023.03.03"]
[PlyCount "82"]

1.Nf3 Nf6 2.g3 d5 3.Bg2 e6 4.O-O Be7 5.d4 O-O 6.c4 b6 7.cxd5 exd5 8.Nc3 
Bb7 9.Bf4 Na6 10.Rc1 c5 11.Be5 Ne4 12.Nd2 Nxc3 13.bxc3 Qd7 14.dxc5 Nxc5 
15.Nf3 Rac8 16.Qd4 f6 17.Bf4 Rfd8 18.Qd1 Ne4 19.Qb3 Ba6 20.Nd4 Bc4 21.Qc2 
Ba3 22.Rcd1 Re8 23.Rfe1 Bc5 24.Be3 b5 25.Nb3 Bxb3 26.axb3 Qc6 27.Bxc5 Qxc5
28.Bxe4 dxe4 29.Qa2 Kh8 30.c4 bxc4 31.bxc4 Red8 32.Rd5 Rxd5 33.cxd5 Rd8 
34.Rd1 h6 35.g4 Qc8 36.h3 Qc5 37.e3 a5 38.Qa4 Qb4 39.Qxb4 axb4 40.Rb1 Rxd5
41.Rxb4 Re5 1/2-1/2

[Event "23rd EUR-ch"]
[Site "Vrnjacka Banja SRB"]
[Date "2023.03.06"]
[Round "4.217"]
[White "Levitan, Ronit"]
[Black "Antonioudakis, Georgios"]
[Result "1-0"]
[WhiteElo "2185"]
[BlackElo "1953"]
[EventDate "2023.03.03"]
[PlyCount "107"]

1.e4 c5 2.Nf3 d6 3.Bb5+ Nd7 4.a4 Nf6 5.Nc3 g6 6.O-O Bg7 7.a5 O-O 8.d3 a6 
9.Bc4 b5 10.axb6 Bb7 11.Bb3 Qxb6 12.Kh1 Rac8 13.Nd2 Ne5 14.f4 Nc6 15.Nd5 
Nxd5 16.Bxd5 Nb4 17.Nc4 Qc7 18.Bxb7 Qxb7 19.c3 Nc6 20.f5 Ne5 21.f6 Bxf6 
22.Nxd6 exd6 23.Rxf6 c4 24.Bh6 Rfe8 25.d4 Nd3 26.Qf3 Rcd8 27.Rf1 Qxe4 28.
Qxe4 Rxe4 29.Rxf7 Re1 30.Rg7+ Kh8 31.Rxe1 Nxe1 32.Rb7 Nd3 33.h3 Kg8 34.Kh2
a5 35.Kg3 a4 36.Kg4 Re8 37.Kg5 Re2 38.Rg7+ Kf8 39.Rxh7+ Ke8 40.Kxg6 Rxg2+ 
41.Kf6 Re2 42.Ra7 Nxb2 43.h4 d5 44.Bg5 Nd1 45.h5 Nxc3 46.h6 Ne4+ 47.Kg6 
Nxg5 48.Kxg5 Rh2 49.h7 Kf8 50.Kg6 Rg2+ 51.Kf6 Rf2+ 52.Ke6 Rh2 53.Rf7+ Ke8 
54.Rg7 1-0

[Event "23rd EUR-ch"]
[Site "Vrnjacka Banja SRB"]
[Date "2023.03.06"]
[Round "4.218"]
[White "Onslow, Alfie"]
[Black "Deveci, Huseyin Said"]
[Result "1-0"]
[WhiteElo "2174"]
[BlackElo "1913"]
[EventDate "2023.03.03"]
[PlyCount "101"]

1.e4 e5 2.Nf3 Nc6 3.Bc4 Nf6 4.d3 Bc5 5.c3 O-O 6.O-O d6 7.Re1 h6 8.b4 Bb6 
9.a4 a6 10.h3 Be6 11.Nbd2 Ne7 12.Bxe6 fxe6 13.Qb3 Qd7 14.Nc4 Ba7 15.Be3 
Ng6 16.Bxa7 Rxa7 17.g3 Raa8 18.Re3 Kh8 19.Qc2 Qc6 20.Na5 Qb6 21.Nd2 d5 22.
Nab3 Qd6 23.Rb1 b6 24.a5 Rf7 25.Rf3 Raf8 26.axb6 cxb6 27.Ra1 Nh7 28.Rxf7 
Rxf7 29.Rxa6 Ng5 30.Ra8+ Kh7 31.Kg2 Qc6 32.Ra1 dxe4 33.dxe4 Qb5 34.Re1 Rc7
35.Qb2 Qd3 36.Re3 Qd8 37.Qc2 Qf8 38.h4 Rf7 39.f3 Nxh4+ 40.gxh4 Rf4 41.hxg5
Qe7 42.g6+ Kxg6 43.Nf1 Qg5+ 44.Kf2 Rh4 45.Ke1 Rh1 46.Qf2 Rg1 47.Re2 h5 48.
Qxb6 Qg3+ 49.Qf2 Qg5 50.b5 h4 51.b6 1-0

[Event "23rd EUR-ch"]
[Site "Vrnjacka Banja SRB"]
[Date "2023.03.06"]
[Round "4.219"]
[White "Gramb, Marius"]
[Black "Djordjevic, Nevena"]
[Result "1-0"]
[WhiteElo "2159"]
[BlackElo "1889"]
[EventDate "2023.03.03"]
[PlyCount "79"]

1.d4 Nf6 2.c4 e6 3.g3 Bb4+ 4.Nd2 c5 5.a3 Bxd2+ 6.Qxd2 cxd4 7.Nf3 O-O 8.Bg2
d5 9.cxd5 Qxd5 10.Qxd4 Nc6 11.Qxd5 Nxd5 12.O-O b6 13.b4 Ba6 14.Re1 Rac8 
15.Bb2 Nce7 16.e4 Nc3 17.a4 Rfd8 18.b5 Bb7 19.Ne5 f6 20.Bh3 fxe5 21.Bxe6+ 
Kf8 22.Bxc8 Rxc8 23.f3 a6 24.Ra3 axb5 25.Rxc3 Rxc3 26.Bxc3 bxa4 27.Rb1 Nc8
28.Bxe5 Ba6 29.Rc1 b5 30.Rc6 Bb7 31.Rc7 Ba6 32.Bxg7+ Ke8 33.Bc3 a3 34.Bb4 
a2 35.Rc1 Na7 36.Ra1 Nc6 37.Bc3 b4 38.Rxa2 Bc4 39.Ra8+ Kd7 40.Bxb4 1-0

[Event "23rd EUR-ch"]
[Site "Vrnjacka Banja SRB"]
[Date "2023.03.06"]
[Round "4.220"]
[White "Labrovic, Jakov"]
[Black "Bauer, Thomas"]
[Result "0-1"]
[WhiteElo "1888"]
[BlackElo "2151"]
[EventDate "2023.03.03"]
[PlyCount "121"]

1.e4 c6 2.Nc3 d5 3.d4 g6 4.Be3 Bg7 5.h4 dxe4 6.h5 Qa5 7.h6 Bf8 8.Qd2 Nf6 
9.Nxe4 Qxd2+ 10.Nxd2 Nd5 11.Bc4 Nd7 12.Ngf3 N7f6 13.Bg5 Ng4 14.Bxd5 cxd5 
15.Ne5 f6 16.Nxg4 Bxg4 17.Be3 g5 18.f4 gxf4 19.Bxf4 Rg8 20.Kf2 e5 21.Rae1 
O-O-O 22.dxe5 Bc5+ 23.Kg3 fxe5 24.Bxe5 Rg6 25.Bg7 Bf5+ 26.Kf4 Bd7 27.Nf3 
Rg4+ 28.Ke5 Bf2 29.Rd1 Re8+ 30.Kd6 Rc4 31.Nd4 Bg4 32.Kxd5 b5 33.Be5 Bxd1 
34.Rxd1 Bxd4 35.Rxd4 Rxc2 36.Rg4 Rd8+ 37.Ke6 Rc6+ 38.Kf7 Rd7+ 39.Kg8 Rxh6 
40.Rg7 Rxg7+ 41.Kxg7 Rg6+ 42.Kxh7 Rxg2 43.Bg7 Kd7 44.Kh6 Ke6 45.Bd4 a6 46.
a3 Kf5 47.Bc3 Rg3 48.Bd4 a5 49.Bc5 Rg6+ 50.Kh7 Rc6 51.Bd4 Rc7+ 52.Kh6 a4 
53.Bh8 Rc6+ 54.Kh7 Kg5 55.Be5 Kf5 56.Bh8 Rg6 57.Bc3 Rg3 58.Bd4 Ke4 59.Bf6 
Kd3 60.Kh6 Kc2 61.Kh5 0-1